Resúmenes analíticos de los trabajos presentados IX encuentro nacional de investigadores en educación
Guardat en:
| Format: | Llibre |
|---|---|
| Idioma: | espanyol |
| Publicat: |
Santiago
Pontificia Universidad Católica de Chile. Facultad de Educación
1987
|
| Matèries: | |
| Etiquetes: |
Afegir etiqueta
Sense etiquetes, Sigues el primer a etiquetar aquest registre!
|
MARC
| LEADER | 00000nam a2200000 a 4500 | ||
|---|---|---|---|
| 001 | UCW3193 | ||
| 003 | CL-VaPUC | ||
| 005 | 20201126001605.0 | ||
| 008 | 880517e19870000cl 1 spa d | ||
| 082 | 0 | 4 | |a 370.78 |b RES |2 21 |
| 245 | 1 | 0 | |a Resúmenes analíticos de los trabajos presentados IX encuentro nacional de investigadores en educación |
| 260 | |a Santiago |b Pontificia Universidad Católica de Chile. Facultad de Educación |c 1987 | ||
| 300 | |a 329 p | ||
| 583 | |a last modification |c 20170928 09:48:19 |k Rodrigo Vera | ||
| 650 | 0 | 0 | |a Investigación educacional |9 261192 |
| 942 | |c BK | ||
| 945 | |d 19880517 00:00:00 | ||
| 546 | |a En Español | ||
| 536 | |a OEA | ||
| 536 | |a OEI | ||
| 536 | |a UNESCO | ||
| 518 | |p Encuentro Nacional de Investigadores en Educación, 9, Santiago, Septiembre de 1987 | ||
| 999 | |c 382079 |d 382077 | ||
| 952 | |0 0 |1 0 |4 0 |6 370_780000000000000_RES_1987 |7 0 |8 A |9 503591 |a BIBEDU |b BIBEDU |d 2020-01-23 |i 272393K |o 370.78 RES 1987 |p 272393K |r 2020-01-23 |w 2020-01-23 |y BK |k EDU | ||
| 952 | |0 0 |1 0 |4 0 |6 370_780000000000000_RES_1987 |7 0 |8 A |9 503592 |a BIBEDU |b BIBEDU |d 2020-01-23 |i 2723948 |o 370.78 RES 1987 |p 2723948 |r 2020-01-23 |w 2020-01-23 |y BK |k EDU | ||
| 952 | |0 0 |1 0 |4 0 |6 370_780000000000000_RES_1987 |7 0 |8 A |9 503593 |a BIBEDU |b BIBEDU |d 2020-01-23 |i 2723956 |o 370.78 RES 1987 |p 2723956 |r 2020-01-23 |w 2020-01-23 |y BK |k EDU | ||
| 952 | |0 0 |1 0 |4 0 |6 370_780000000000000_RES_1987 |7 0 |8 A |9 503594 |a BIBEDU |b BIBEDU |d 2020-01-23 |i 3620034 |o 370.78 RES 1987 |p 3620034 |r 2020-01-23 |w 2020-01-23 |y BK |k BME | ||